| 000 | 00661nam a2200205 a 4500 | ||
|---|---|---|---|
| 001 | BRCA_987 | ||
| 005 | 20190320203231.0 | ||
| 008 | 990409t1988----enka---###---#001-0#eng-d | ||
| 020 | _a1555212689 | ||
| 050 | 4 |
_aNK2715 _b.Y38 1988 |
|
| 100 | 1 |
_aYates, Simon _93257 |
|
| 245 | 1 | 0 |
_aAn Encyclopedia of Chairs _cSimon Yates. |
| 260 |
_aNueva Jersey _bThe Wellfleet _c1988 |
||
| 300 |
_a127 p. _bil. a color _c30 cm. |
||
| 500 | _aIncluye índice alfabético, cronología, glosario y diagramas explicativos | ||
| 650 | 1 | 4 |
_aSillas _vDiccionarios _xHistoria _93258 |
| 650 | 1 | 4 |
_aSillas _vDiccionarios _xColeccionistas y colecciones _93259 |
| 902 | _aREF | ||
| 942 |
_2lcc _cB |
||
| 999 |
_c871 _d871 |
||